Suez /

Saved in:

Main Author: Kyle, Keith (Author)

Format: Book

Language: English

Published: London : I.B. Tauris, 2003.

Subjects:

Tags: Add Tag

No Tags, Be the first to tag this record!

Call Number: DT107.83 .K95 2003

LEADER 00628namaa2200229 4500
001 20024
003 OSt
005 20250730071432.0
008 130303s2003 enk b 001 0 eng d
020 |a 1860648118 
040 |c ARCE Library 
043 |a f-ua--- 
050 4 |a DT107.83 .K95 2003 
100 1 |a Kyle, Keith,  |e author 
245 1 0 |a Suez /  |c Keith Kyle. 
264 1 |a London :   |b I.B. Tauris,   |c 2003. 
300 |a xii, 684 pages ;   |c 24 cm. 
504 |a Includes bibliographical references (p. [651]-684) and index. 
651 0 |a Egypt  |x History  |y Intervention, 1956. 
901 |a reviewed 
942 |c BK  |2 lcc 
999 |c 16806  |d 16806